Encyklopedie moderní historie

Salvato in:
Dettagli Bibliografici
Autore principale: Pečenka, Marek
Altri autori: Luňák, Petr
Natura: Libro
Lingua:ceco
Pubblicazione: Praha Nakladatelství Libri 2002
Edizione:3. vyd.
Soggetti:
Tags: Aggiungi Tag
Nessun Tag, puoi essere il primo ad aggiungerne!!

MARC

LEADER 00000nam a2200000 4500
001 c141550
005 20221124091953.0
020 |a 80-85983-95-8 
041 0 |a cze 
044 |a CZ 
245 1 0 |a Encyklopedie moderní historie  |c Marek Pečenka, Petr Luňák 
250 |a 3. vyd. 
264 1 |a Praha  |b Nakladatelství Libri  |c 2002 
300 |a 655 s. 
610 2 0 |a história 
610 2 0 |a dejiny 
100 1 |a Pečenka, Marek 
700 1 |a Luňák, Petr